"V našej výrobe nenájdete papier"
Úspešná česká spoločnosť ELKO EP, ktorej výroba je zameraná na modulové relé. Druhé miesto spoločnosti na európskom trhu a prvé na českom trhu. Výroba určená pre osem z desiatich najväčších firiem na svete. Múdra elektroinštalácia pre domácnosti. Štyri myšlienky o inteligentných elektroinštaláciách....
Guardado en:
| Autor principal: | |
|---|---|
| Otros Autores: | |
| Formato: | Capítulo de libro |
| Lenguaje: | eslovaco |
| Materias: | |
| Etiquetas: |
Sin Etiquetas, Sea el primero en etiquetar este registro!
|
MARC
| LEADER | 00000naa a2200000 4500 | ||
|---|---|---|---|
| 001 | 0225162 | ||
| 005 | 20231011074006.5 | ||
| 041 | 0 | |a slo | |
| 044 | |a CZ | ||
| 245 | 1 | 0 | |a "V našej výrobe nenájdete papier" |c Stanislav D. Břeň, Jiří Konečný |
| 520 | |a Úspešná česká spoločnosť ELKO EP, ktorej výroba je zameraná na modulové relé. Druhé miesto spoločnosti na európskom trhu a prvé na českom trhu. Výroba určená pre osem z desiatich najväčších firiem na svete. Múdra elektroinštalácia pre domácnosti. Štyri myšlienky o inteligentných elektroinštaláciách. Využitie IT v toku materiálu, výrobku a dát. | ||
| 610 | 2 | 0 | |a elektronika |
| 610 | 2 | 0 | |a elektronizácia |
| 610 | 2 | 0 | |a technológie informačné |
| 610 | 2 | 0 | |a technológie komunikačné |
| 610 | 2 | 0 | |a logistika |
| 610 | 2 | 0 | |a firmy |
| 610 | 2 | 0 | |a Česko |
| 100 | 1 | |a Břeň, Stanislav D. | |
| 700 | 1 | |a Konečný, Jiří | |